Geography Quiz

Random Geography or World Quiz

Landmark Google Reviews Quiz Stats

 Plays Quiz Updated Jul 17, 2017

Support Sporcle.
Go Orange.
Score 0/20 Timer 08:00
0 Plays Today
% Correct
Eiffel Tower
92.2%
Christ the Redeemer
91.8%
Great Pyramid of Giza
91.2%
Colosseum
90.6%
St. Basil's Cathedral
88.2%
Checkpoint Charlie
87%
Stonehenge
86.2%
Sydney Opera House
84.8%
Louvre Museum
83.6%
Chichen Itza
83.3%
% Correct
London Eye
77.9%
Robben Island Museum
73.7%
Hollywood Sign
72.8%
Great Wall of China
72.2%
Empire State Building
71.4%
Golden Gate Bridge
67.3%
Angkor Wat
65.4%
Taj Mahal
64.4%
Statue of Liberty
62.6%
Burj Khalifa
55.2%

You're not logged in!

Compare scores with friends on all Sporcle quizzes.
OR
Log In
Forgot?

From the Vault

5 Answers to 1: History

by mister_pianoman

You could say that this is history in the making.
Remove Ads.
Support Sporcle.
Get the best of Sporcle when you Go Orange. This ad-free experience offers more features, more stats, and more fun while also helping to support Sporcle. Thank you for becoming a member.

Show Comments

Extras

Top Quizzes Today


Score Distribution

Your Account Isn't Verified!

In order to create a playlist on Sporcle, you need to verify the email address you used during registration. Go to your Sporcle Settings to finish the process.

Report this User

Report this user for behavior that violates our Community Guidelines.

Details: